[Event "SG Bochum 3 - SV Rot-Weiß-Altenessen 1"]
[Site "Verbandsliga, Gruppe 2 2017/2"]
[Date "2018.02.25"]
[Round "7.4"]
[White "Biermann, Florian"]
[Black "Rohloff, Markus"]
[Result "1/2-1/2"]
[WhiteElo "2018"]
[BlackElo "1830"]
[PlyCount "86"]
[EventDate "2018.??.??"]

1. c4 Nf6 2. g3 g6 3. Bg2 Bg7 4. Nc3 O-O 5. d3 c6 6. e4 d6 7. Nge2 e5 8. O-O
Na6 9. h3 Be6 10. Be3 Qd7 11. g4 h5 12. g5 Ne8 13. Kh2 f5 14. gxf6 Nxf6 15. f4
Rf7 16. Qd2 Kh7 17. b3 b6 18. d4 Qc7 19. fxe5 dxe5 20. d5 Rd8 21. Bg5 Nc5 22.
Qe1 Bc8 23. Rd1 Rdf8 24. Qh4 cxd5 25. exd5 Bf5 26. Ng3 Qd7 27. Be3 Nb7 28. Kg1
Kg8 29. Rf2 Nh7 30. Nge4 Nd6 31. c5 Nxe4 32. Nxe4 Bxe4 33. Qxe4 Rxf2 34. Bxf2
bxc5 35. d6 Ng5 36. Qd5+ Kh7 37. Rd3 e4 38. Rg3 Rf5 39. Qd2 Nf3+ 40. Bxf3 exf3
41. Qd3 Be5 42. Rxf3 Rxf3 43. Qxf3 Qxd6 1/2-1/2

[Event "SG Bochum 3 - SV Rot-Weiß-Altenessen 1"]
[Site "Verbandsliga, Gruppe 2 2017/2"]
[Date "2018.02.25"]
[Round "7.5"]
[White "Metzner, Carsten"]
[Black "Biermann, Lenhard"]
[Result "0-1"]
[WhiteElo "1787"]
[BlackElo "1914"]
[PlyCount "78"]
[EventDate "2018.??.??"]

1. d4 e6 2. Nf3 d5 3. c4 Nf6 4. Nc3 Be7 5. Bf4 O-O 6. e3 Nbd7 7. Bd3 a6 8. h3
dxc4 9. Bxc4 b5 10. Bb3 Bb7 11. O-O Nb6 12. Qe2 Nbd5 13. Bh2 c5 14. Rac1 Nxc3
15. bxc3 Ne4 16. c4 b4 17. dxc5 Nc3 18. Qb2 Bxf3 19. gxf3 Bxc5 20. Kh1 Qh4 21.
Be5 Qxh3+ 22. Kg1 f5 23. Rxc3 bxc3 24. Qxc3 f4 25. e4 Qg3+ 26. Kh1 Bxf2 27.
Rxf2 Qxf2 28. c5 Qf1+ 29. Kh2 Qf2+ 30. Kh1 Rfe8 31. c6 Rac8 32. Bxf4 Qh4+ 33.
Bh2 Qf6 34. Be5 Qh6+ 35. Kg2 Red8 36. Bd4 Kh8 37. f4 e5 38. Bxe5 Rxc6 39. Qe3
Rg6+ 0-1

[Event "SG Bochum 3 - SV Rot-Weiß-Altenessen 1"]
[Site "Verbandsliga, Gruppe 2 2017/2"]
[Date "2018.02.25"]
[Round "7.6"]
[White "Zeldin, Vitali"]
[Black "Neugebauer, Thomas"]
[Result "1-0"]
[WhiteElo "1970"]
[BlackElo "1809"]
[PlyCount "73"]
[EventDate "2018.??.??"]

1. e4 c5 2. Nf3 d6 3. c3 Nf6 4. d3 Nc6 5. Be2 Bg4 6. h3 Bd7 7. Be3 e6 8. Nbd2
Be7 9. d4 cxd4 10. cxd4 O-O 11. a3 a6 12. O-O b5 13. b4 Rc8 14. Bd3 h6 15. Qe2
Nh7 16. Nb3 f5 17. e5 Ng5 18. Nxg5 hxg5 19. f4 gxf4 20. Bxf4 dxe5 21. dxe5 Qb6+
22. Be3 Qb8 23. Bc5 Rce8 24. Rfe1 Rf7 25. Bxe7 Rexe7 26. Rad1 g5 27. Bb1 Rg7
28. Nc5 Bc8 29. Rd6 g4 30. hxg4 Bb7 31. Nxb7 Qxb7 32. gxf5 exf5 33. Qh5 Ref7
34. Ba2 Rxg2+ 35. Kxg2 Nxb4+ 36. Bd5 Nxd5 37. Rd8+ 1-0

[Event "SG Bochum 3 - SV Rot-Weiß-Altenessen 1"]
[Site "Verbandsliga, Gruppe 2 2017/2"]
[Date "2018.02.25"]
[Round "7.7"]
[White "Praßer, Peter"]
[Black "Pilat, Fabian"]
[Result "0-1"]
[WhiteElo "1678"]
[BlackElo "1951"]
[PlyCount "82"]
[EventDate "2018.??.??"]

1. e4 c5 2. Nc3 e6 3. f4 d5 4. Bb5+ Nc6 5. Bxc6+ bxc6 6. e5 Ba6 7. Nf3 Ne7 8.
d3 Nf5 9. O-O c4 10. d4 Rb8 11. g4 Nh4 12. Qe2 Nxf3+ 13. Qxf3 Qd7 14. Rb1 Be7
15. f5 Rc8 16. Ne2 Bd8 17. fxe6 Qxe6 18. Nf4 Qe7 19. Nh5 O-O 20. Bh6 gxh6 21.
Nf6+ Kg7 22. Qf5 Rh8 23. g5 Qe6 24. gxh6+ Kf8 25. Nxh7+ Ke8 26. Nf6+ Bxf6 27.
Qxf6 Rxh6 28. Qxe6+ fxe6 29. c3 Ke7 30. Rf2 Rg8+ 31. Kh1 Bc8 32. Rbf1 Rh7 33.
Rg1 Rhg7 34. Rxg7+ Rxg7 35. h3 Bd7 36. Kh2 Be8 37. a3 Bg6 38. Rg2 Kf7 39. Rg5
Bf5 40. Rxg7+ Kxg7 41. Kg3 Kg6 0-1

[Event "SG Bochum 3 - SV Rot-Weiß-Altenessen 1"]
[Site "Verbandsliga, Gruppe 2 2017/2"]
[Date "2018.02.25"]
[Round "7.8"]
[White "Blome, Simon"]
[Black "Ressel, Joerg"]
[Result "1-0"]
[WhiteElo "1801"]
[BlackElo "1396"]
[Annotator "Daniel"]
[PlyCount "77"]
[EventDate "2018.??.??"]

1. e4 e5 2. Nf3 d6 3. d4 exd4 4. Nxd4 Bd7 5. c4 Nc6 6. Nc3 Nxd4 7. Qxd4 Qf6 8.
Be3 Qxd4 9. Bxd4 c5 10. Be3 Nf6 11. f3 h6 12. h4 Be7 13. g4 O-O-O 14. O-O-O Bc6
15. Bh3 Kc7 16. Bf4 Ne8 17. Nd5+ Bxd5 18. Rxd5 f6 19. Rxc5+ Kb8 20. h5 Nc7 21.
Ra5 Ne6 22. Be3 b6 23. Rd5 Nc7 24. Rd2 Na6 25. b3 Kb7 26. Bg2 Nc5 27. Rhd1 Kc7
28. Kc2 Rhe8 $11 29. Bf4 Nb7 30. Bg3 Rd7 31. Rd5 Bf8 32. b4 Red8 33. Bh3 Rf7
34. Kb3 Be7 35. Rc1 Ra8 36. c5 bxc5 37. bxc5 Na5+ 38. Ka4 Nc6 39. cxd6+ 1-0

[Event "SC Gerthe - Werne 1 - SG Gladbeck 1"]
[Site "Verbandsliga, Gruppe 2 2017/2"]
[Date "2018.02.25"]
[Round "7.1"]
[White "Mancic, Ivan"]
[Black "Quast, Marcel"]
[Result "0-1"]
[WhiteElo "2157"]
[BlackElo "2206"]
[PlyCount "88"]
[EventDate "2018.??.??"]

1. d4 Nf6 2. Nf3 e6 3. c4 b6 4. g3 Ba6 5. Nbd2 Bb4 6. Qc2 Bb7 7. Bg2 Be4 8. Qd1
c5 9. O-O Bxd2 10. Bxd2 O-O 11. dxc5 bxc5 12. Be3 Qb6 13. b3 h6 14. Qc1 Nc6 15.
Rd1 Nb4 16. Bxh6 gxh6 17. Qxh6 Bg6 18. Ne5 Rad8 19. Nxg6 fxg6 20. Qxg6+ Kh8 21.
g4 d5 22. a3 Na6 23. g5 Nh7 24. Qh6 Rd7 25. g6 Rf6 26. Qh5 Rg7 27. gxh7 Rfg6
28. Kh1 Rxg2 29. Qe8+ Kxh7 30. Rd3 R7g6 31. Rh3+ Kg7 32. Qe7+ Kg8 33. Qe8+ Kg7
34. Qh8+ Kf7 35. Rf3+ Ke7 36. Qf8+ Kd7 37. Rf7+ Kc6 38. Qe8+ Kd6 39. Qf8+ Kc6
40. Qe8+ Kd6 41. Rd7+ Ke5 42. Qh8+ Ke4 43. Qc3 Rxh2+ 44. Kxh2 Qb8+ 0-1

[Event "SC Gerthe - Werne 1 - SG Gladbeck 1"]
[Site "Verbandsliga, Gruppe 2 2017/2"]
[Date "2018.02.25"]
[Round "7.2"]
[White "Topolewski, Dirk"]
[Black "Frohne, Gerd"]
[Result "1/2-1/2"]
[WhiteElo "2093"]
[BlackElo "2088"]
[PlyCount "131"]
[EventDate "2018.??.??"]

1. d4 e6 2. Nf3 d5 3. e3 Nf6 4. Bd3 c5 5. b3 Nc6 6. O-O cxd4 7. exd4 Be7 8.
Nbd2 O-O 9. Bb2 a5 10. a3 b6 11. Ne5 Nxe5 12. dxe5 Nd7 13. Re1 f5 14. exf6 Nxf6
15. Qe2 Bc5 16. Rf1 Ra7 17. Nf3 Re7 18. Ne5 Bd7 19. b4 axb4 20. axb4 Bxb4 21.
Nxd7 Qxd7 22. f4 Qc7 23. Rab1 Bd6 24. Bxf6 Rxf6 25. g3 g6 26. Qg2 Kg7 27. Rbe1
Bb4 28. Rb1 Bd6 29. Rbe1 b5 30. Kh1 b4 31. Re2 Qc3 32. Rf3 Ra7 33. h4 Ra1+ 34.
Kh2 Qc8 35. Rfe3 Bc5 36. Re1 Rxe1 37. Rxe1 Bd4 38. Re2 Qc3 39. Qf3 Qa1 40. Qh1
Qxh1+ 41. Kxh1 Kf7 42. Kg2 Ke7 43. Rd2 Bc3 44. Re2 Kd6 45. Kh3 e5 46. fxe5+
Bxe5 47. Kg2 Bd4 48. Bb5 Kc5 49. Ba4 Rf7 50. Bb3 Bc3 51. Re8 Rf5 52. Re7 h5 53.
Ba4 Kd6 54. Re2 g5 55. hxg5 Rxg5 56. Kh3 Be5 57. Re3 Rf5 58. Kg2 Rf8 59. Rf3
Rg8 60. Kf2 Rg4 61. Bb3 h4 62. gxh4 Rxh4 63. Rf8 Bd4+ 64. Kf3 Rh5 65. Rd8+ Ke6
66. Rxd5 1/2-1/2

[Event "SC Gerthe - Werne 1 - SG Gladbeck 1"]
[Site "Verbandsliga, Gruppe 2 2017/2"]
[Date "2018.02.25"]
[Round "7.3"]
[White "Berg, Dietmar"]
[Black "Brueggestraß, Volker"]
[Result "1/2-1/2"]
[WhiteElo "1969"]
[BlackElo "2021"]
[PlyCount "72"]
[EventDate "2018.??.??"]

1. d4 Nf6 2. Nf3 g6 3. Bg5 Ne4 4. Bh4 Bg7 5. c3 d5 6. Nbd2 Nxd2 7. Qxd2 O-O 8.
e3 Bf5 9. Bd3 Bxd3 10. Qxd3 c6 11. O-O Nd7 12. e4 dxe4 13. Qxe4 Nf6 14. Qe2 Re8
15. Ne5 Qd5 16. Rfe1 Rac8 17. Rad1 Nd7 18. Nxd7 Qxd7 19. Qc4 e6 20. Qa4 a6 21.
Bg3 b5 22. Qc2 Red8 23. Bh4 Re8 24. Re3 Qc7 25. Bg3 Qb6 26. Bf4 c5 27. dxc5
Qxc5 28. Qe2 Red8 29. Red3 Rxd3 30. Qxd3 Bf6 31. Be3 Qc6 32. Bh6 Qc7 33. h3 Rd8
34. Qe2 Rd6 35. Qf3 Rxd1+ 36. Qxd1 Bg7 1/2-1/2

[Event "SC Gerthe - Werne 1 - SG Gladbeck 1"]
[Site "Verbandsliga, Gruppe 2 2017/2"]
[Date "2018.02.25"]
[Round "7.4"]
[White "Berens, Thomas"]
[Black "Holtkamp, Matthias"]
[Result "1-0"]
[WhiteElo "1891"]
[BlackElo "1943"]
[PlyCount "101"]
[EventDate "2018.??.??"]

1. c4 Nf6 2. Nc3 e5 3. g3 g6 4. Bg2 Bg7 5. Nf3 d6 6. O-O O-O 7. d4 exd4 8. Nxd4
Re8 9. b3 Nbd7 10. Bb2 Nc5 11. Qc2 Rb8 12. Rad1 Qe7 13. Rfe1 a6 14. Nd5 Qd8 15.
b4 Ne6 16. a3 h5 17. Nxe6 Rxe6 18. Nxf6+ Bxf6 19. Bd5 Bxb2 20. Bxe6 Bxe6 21.
Qxb2 Bxc4 22. Qd4 Bb5 23. e4 Ba4 24. Rd2 Qg5 25. h4 Qg4 26. Qa7 Qc8 27. Qe3 Qh3
28. f4 Bc6 29. f5 Re8 30. fxg6 fxg6 31. Qg5 Kg7 32. Rf2 Qe6 33. Rf4 Qe5 34.
Qxe5+ Rxe5 35. Kf2 a5 36. bxa5 Rxa5 37. Re3 Rc5 38. Ke2 Rc2+ 39. Kd3 Rc5 40.
Ref3 Bb5+ 41. Kd2 Bc4 42. Rf8 b5 43. Re8 Re5 44. Rxe5 dxe5 45. Rc3 Kf6 46. Rxc4
bxc4 47. Kc3 Ke6 48. Kxc4 Kd6 49. a4 Kc6 50. a5 Kb7 51. Kb5 1-0

[Event "SC Gerthe - Werne 1 - SG Gladbeck 1"]
[Site "Verbandsliga, Gruppe 2 2017/2"]
[Date "2018.02.25"]
[Round "7.5"]
[White "Rickert, Stefan"]
[Black "Gottmann, Bernd"]
[Result "1/2-1/2"]
[WhiteElo "1894"]
[BlackElo "1912"]
[PlyCount "55"]
[EventDate "2018.??.??"]

1. c4 g6 2. d4 Bg7 3. Nf3 c5 4. Nc3 cxd4 5. Nxd4 Nc6 6. e3 Nf6 7. Be2 O-O 8.
O-O d5 9. cxd5 Nxd5 10. Nxd5 Qxd5 11. Bf3 Qa5 12. Bxc6 bxc6 13. Nxc6 Qc5 14.
Qd5 Qxd5 15. Nxe7+ Kh8 16. Nxd5 Rb8 17. Rd1 Be6 18. e4 Rfc8 19. Rb1 Rc2 20. Rd2
Rbxb2 21. Bxb2 Rxd2 22. Bxg7+ Kxg7 23. Nc3 Rc2 24. Nb5 Rxa2 25. Nd4 Bc4 26. f3
Rd2 27. Nc6 a6 28. Ne5 1/2-1/2

[Event "SC Gerthe - Werne 1 - SG Gladbeck 1"]
[Site "Verbandsliga, Gruppe 2 2017/2"]
[Date "2018.02.25"]
[Round "7.6"]
[White "Loeffelbein, Klaus"]
[Black "Kucheyda, Joerg"]
[Result "1/2-1/2"]
[WhiteElo "1855"]
[BlackElo "1939"]
[PlyCount "56"]
[EventDate "2018.??.??"]

1. d4 Nf6 2. c4 g6 3. Nf3 Bg7 4. Nc3 d6 5. e4 O-O 6. Be2 Nc6 7. Bg5 h6 8. Be3
Ng4 9. Bf4 e5 10. dxe5 Ngxe5 11. O-O Be6 12. Nxe5 Nxe5 13. Bxe5 Bxe5 14. Qd2
Qh4 15. f4 Bxc3 16. Qxc3 f5 17. e5 Rad8 18. Rad1 Qe7 19. Bf3 b6 20. Rfe1 dxe5
21. Qxe5 Rxd1 22. Rxd1 Kf7 23. Re1 Rd8 24. b4 Qd6 25. Bd5 Qxe5 26. Rxe5 Rd6 27.
Rxe6 Rxe6 28. Kf2 c5 1/2-1/2

[Event "SC Gerthe - Werne 1 - SG Gladbeck 1"]
[Site "Verbandsliga, Gruppe 2 2017/2"]
[Date "2018.02.25"]
[Round "7.7"]
[White "Winzbeck, Frank"]
[Black "Melmer, Felix"]
[Result "0-1"]
[WhiteElo "1850"]
[BlackElo "1867"]
[PlyCount "72"]
[EventDate "2018.??.??"]

1. d4 f5 2. c4 Nf6 3. Nc3 e6 4. g3 d5 5. Bg2 c6 6. Qb3 Bd6 7. Nf3 O-O 8. O-O
Nbd7 9. a4 Kh8 10. Bf4 Bxf4 11. gxf4 Ne4 12. Ne5 Nd2 13. Qc2 Nxf1 14. Rxf1 Nf6
15. e3 Bd7 16. b4 Be8 17. c5 Ng4 18. Rb1 Nxe5 19. dxe5 Bh5 20. f3 g5 21. Ne2
Rg8 22. Ng3 Bf7 23. Ne2 gxf4 24. Nxf4 a6 25. Rd1 Rg7 26. Kh1 Qh4 27. Qb2 Rag8
28. Rf1 Qg5 29. b5 axb5 30. axb5 cxb5 31. Qxb5 d4 32. Qd3 dxe3 33. Qxe3 Ra8 34.
Qd2 Ra4 35. Qd6 Rxf4 36. Rf2 Rc4 0-1

[Event "SC Gerthe - Werne 1 - SG Gladbeck 1"]
[Site "Verbandsliga, Gruppe 2 2017/2"]
[Date "2018.02.25"]
[Round "7.8"]
[White "Kalle, Yannis"]
[Black "Kruse, Peter"]
[Result "1/2-1/2"]
[WhiteElo "1710"]
[BlackElo "1909"]
[PlyCount "36"]
[EventDate "2018.??.??"]

1. e4 e5 2. Nf3 Nf6 3. Nxe5 d6 4. Nf3 Nxe4 5. Qe2 Qe7 6. Nc3 Nxc3 7. Qxe7+ Bxe7
8. dxc3 Nc6 9. Bf4 Be6 10. O-O-O O-O-O 11. Nd4 Nxd4 12. cxd4 d5 13. Bd3 Bd6 14.
Bxd6 Rxd6 15. Rde1 g6 16. Re3 Kd8 17. Kd2 Re8 18. Rhe1 Bd7 1/2-1/2

[Event "SC Mülheim 1 - SC Doppelbauer Brambauer"]
[Site "Verbandsliga, Gruppe 2 2017/2"]
[Date "2018.02.25"]
[Round "7.1"]
[White "Remmler, Volker"]
[Black "Viebahn, Dirk"]
[Result "0-1"]
[WhiteElo "2047"]
[BlackElo "2094"]
[Annotator "Daniel"]
[PlyCount "100"]
[EventDate "2018.??.??"]

1. Nf3 g6 2. e4 Bg7 3. d4 d6 4. Be2 Nf6 5. Nbd2 O-O 6. O-O c5 7. dxc5 dxc5 8.
c3 Nc6 9. Qc2 Qc7 10. a4 Nh5 11. Re1 Nf4 12. Bf1 h6 13. Nc4 Bg4 14. Nh4 Rad8
15. f3 Bc8 16. g3 Nh5 17. f4 Nf6 18. h3 $11 b6 19. Kh2 a6 20. Ne3 e6 21. Ng4
Nxg4+ 22. hxg4 Bb7 23. Be3 Ne7 24. Rad1 Qc8 25. Bg2 a5 26. Rxd8 Rxd8 27. Rd1
Bc6 28. Rxd8+ Qxd8 29. b3 Qd7 30. Qd2 Qxd2 31. Bxd2 c4 32. bxc4 Bxa4 33. c5
bxc5 34. Be3 Bxc3 35. Bxc5 Bb4 36. Bd4 Bd1 37. Bf3 Bb3 38. e5 Nd5 39. f5 g5 40.
Ng2 a4 41. Bxd5 Bxd5 42. Ne3 Bb3 43. Kg1 Be1 44. Kg2 a3 45. Bc5 Bd2 46. fxe6
fxe6 47. Bxa3 Bxe3 48. Bd6 Bd1 49. Kh3 Kf7 50. Bb8 Bc5 0-1

[Event "SC Mülheim 1 - SC Doppelbauer Brambauer"]
[Site "Verbandsliga, Gruppe 2 2017/2"]
[Date "2018.02.25"]
[Round "7.2"]
[White "Langschmidt, Dirk"]
[Black "Schulz, Hartmut"]
[Result "1-0"]
[WhiteElo "1976"]
[BlackElo "2042"]
[PlyCount "54"]
[EventDate "2018.??.??"]

1. e4 c6 2. Nf3 d5 3. Nc3 Nf6 4. e5 Ne4 5. Nxe4 dxe4 6. Ng5 Qd5 7. Qe2 Qxe5 8.
Nxe4 Bf5 9. d3 e6 10. g4 Bxe4 11. dxe4 Nd7 12. f4 Bb4+ 13. Kf2 Bc5+ 14. Kg3 Qc7
15. h4 O-O-O 16. Bg2 g6 17. Bd2 e5 18. f5 gxf5 19. gxf5 h6 20. Bf3 Nf6 21. Be3
Qb6 22. Bxc5 Qxc5 23. Rad1 Rxd1 24. Rxd1 Rg8+ 25. Kh3 a6 26. Rd2 h5 27. Qf2 Ng4
1-0

[Event "SC Mülheim 1 - SC Doppelbauer Brambauer"]
[Site "Verbandsliga, Gruppe 2 2017/2"]
[Date "2018.02.25"]
[Round "7.3"]
[White "Koth, Stefan"]
[Black "Riese, Manfred"]
[Result "1/2-1/2"]
[WhiteElo "2010"]
[BlackElo "1815"]
[PlyCount "103"]
[EventDate "2018.??.??"]

1. c4 c5 2. Nc3 Nc6 3. Nf3 g6 4. e3 Bg7 5. d4 cxd4 6. exd4 d6 7. d5 Ne5 8. Nxe5
Bxe5 9. Be3 Bg7 10. Be2 Nf6 11. O-O O-O 12. Qd2 Re8 13. Rad1 Bd7 14. Rfe1 b6
15. h3 Qc8 16. b3 Rb8 17. Rc1 Rd8 18. Bg5 Re8 19. Bf1 Qc7 20. Qf4 Qd8 21. g4
Rc8 22. a4 a6 23. Qd2 Qc7 24. Bf4 Qc5 25. Be3 Qb4 26. Bd4 h6 27. Be3 Kh7 28.
Qc2 b5 29. Na2 Qa5 30. axb5 axb5 31. Nc3 bxc4 32. Bxc4 Ra8 33. Ra1 Qc7 34. Rxa8
Rxa8 35. Qd3 h5 36. f3 Kg8 37. Bd4 hxg4 38. hxg4 Kf8 39. Qe2 Ng8 40. Bxg7+ Kxg7
41. Kg2 Qc5 42. Qd2 f6 43. Kg3 Qa5 44. Qd3 Be8 45. Qd4 Kf8 46. Rh1 Rc8 47. Ne4
Ra8 48. Qb2 Bf7 49. Kg2 Rb8 50. Rh7 Bxd5 51. Qe2 Bxc4 52. bxc4 1/2-1/2

[Event "SC Mülheim 1 - SC Doppelbauer Brambauer"]
[Site "Verbandsliga, Gruppe 2 2017/2"]
[Date "2018.02.25"]
[Round "7.4"]
[White "Straenger, Petra"]
[Black "Wagner, Norbert"]
[Result "0-1"]
[WhiteElo "1814"]
[BlackElo "2023"]
[PlyCount "73"]
[EventDate "2018.??.??"]

1. d4 f5 2. Nf3 g6 3. c4 Bg7 4. Nc3 d6 5. g3 Nh6 6. Bg2 Nf7 7. O-O c6 8. Re1
O-O 9. Qb3 e5 10. dxe5 dxe5 11. e4 Na6 12. exf5 gxf5 13. Na4 Qe7 14. Be3 Be6
15. Qc2 b6 16. Rad1 Nb4 17. Qb1 e4 18. Nd4 Bxd4 19. Bxd4 Bxc4 20. b3 Bd5 21.
Ba1 Qg5 22. h4 Qg6 23. Qb2 Rae8 24. Re3 Nd3 25. Qd4 Rd8 26. Qc3 Nde5 27. Bh3
Ng4 28. Bxg4 Qxg4 29. Kh2 Rfe8 30. Rde1 Qg6 31. Rg1 Ne5 32. Kh1 Kf7 33. Rg2 Qg4
34. Rh2 Rd6 35. Rg2 Nf3 36. Rxf3 exf3 37. Rh2 0-1

[Event "SC Mülheim 1 - SC Doppelbauer Brambauer"]
[Site "Verbandsliga, Gruppe 2 2017/2"]
[Date "2018.02.25"]
[Round "7.5"]
[White "Bauch-Lojewski, Ralf"]
[Black "Otto, Michael"]
[Result "1-0"]
[WhiteElo "1957"]
[BlackElo "1707"]
[PlyCount "45"]
[EventDate "2018.??.??"]

1. d4 Nf6 2. Nf3 g6 3. c4 Bg7 4. Nc3 d5 5. Bf4 c6 6. e3 O-O 7. Qb3 e6 8. h3 Qb6
9. c5 Qd8 10. Be2 Nfd7 11. Bd6 Re8 12. O-O e5 13. Rad1 e4 14. Nd2 Bf8 15. Bg3
b6 16. Nxd5 Nxc5 17. dxc5 Be6 18. Nxe4 Bxd5 19. Rxd5 cxd5 20. Qxd5 Nd7 21. Bc4
Nxc5 22. Qxf7+ Kh8 23. Qg8# 1-0

[Event "SC Mülheim 1 - SC Doppelbauer Brambauer"]
[Site "Verbandsliga, Gruppe 2 2017/2"]
[Date "2018.02.25"]
[Round "7.6"]
[White "Diederich, Thomas"]
[Black "Zimmermann, Dirk"]
[Result "0-1"]
[WhiteElo "1518"]
[BlackElo "1918"]
[PlyCount "60"]
[EventDate "2018.??.??"]

1. c4 e5 2. g3 Nc6 3. Bg2 g6 4. Nc3 Bg7 5. e3 f5 6. Nge2 Nf6 7. O-O O-O 8. d3
d6 9. a3 a5 10. Rb1 Be6 11. Nd5 Qd7 12. h3 Nd8 13. Kh2 Qf7 14. f4 Nxd5 15. cxd5
Bxd5 16. e4 Bb3 17. Qd2 Nc6 18. Qe3 Rae8 19. Bd2 d5 20. Qc5 dxe4 21. dxe4 Qc4
22. Qe3 exf4 23. Nxf4 a4 24. Rbc1 Qd4 25. Qxd4 Bxd4 26. Bc3 Bxc3 27. Rxc3 fxe4
28. Re3 Nd4 29. Rxe4 Rxe4 30. Bxe4 g5 0-1

[Event "SC Mülheim 1 - SC Doppelbauer Brambauer"]
[Site "Verbandsliga, Gruppe 2 2017/2"]
[Date "2018.02.25"]
[Round "7.7"]
[White "Jochmann, Christian"]
[Black "Hesse, Achim"]
[Result "1-0"]
[WhiteElo "1805"]
[BlackElo "1655"]
[PlyCount "53"]
[EventDate "2018.??.??"]

1. e4 c5 2. Nc3 d6 3. g3 Nf6 4. Bg2 g6 5. d3 Bg7 6. f4 Bg4 7. Nf3 Nc6 8. h3
Bxf3 9. Qxf3 Nd4 10. Qf2 Rb8 11. Be3 Nd7 12. O-O O-O 13. Nd1 Nc6 14. Qd2 Nb6
15. c3 Qd7 16. f5 Ne5 17. b3 Rbc8 18. d4 cxd4 19. cxd4 Nc6 20. Nc3 Qd8 21. g4
Nd7 22. Rac1 a6 23. Nd5 f6 24. Nf4 g5 25. Ne6 Qe8 26. Nxf8 Nxf8 27. Rc2 1-0

[Event "SK Holsterhausen 1 - SV Recklinghausen-"]
[Site "?"]
[Date "2018.02.25"]
[Round "7.2"]
[White "Kortenbusch, Christoph"]
[Black "Callenberg, Ralf"]
[Result "1-0"]
[WhiteElo "2068"]
[BlackElo "2029"]
[PlyCount "59"]

1. e4 c5 2. Nf3 d6 3. Bb5+ Bd7 4. Bxd7+ Qxd7 5. O-O Nc6 6. c3 Nf6 7. d4 e6 8.
d5 Ne5 9. Nxe5 dxe5 10. c4 exd5 11. exd5 Bd6 12. Bg5 Ne4 13. Bh4 Rg8 14. f3 Nf6
15. Nc3 Nh5 16. Qc2 f5 17. Rae1 g5 18. Bg3 Nxg3 19. hxg3 O-O-O 20. g4 e4 21.
fxe4 Bg3 22. gxf5 Bxe1 23. Rxe1 g4 24. e5 g3 25. Qe4 Rde8 26. Qf4 Rgf8 27. f6
Qf7 28. Qxg3 Rg8 29. Qf3 Rg6 30. Ne4 1-0

[Event "SV Wattenscheid 3 - SF Buer 1"]
[Site "Verbandsklasse, Gruppe 1 2017"]
[Date "2018.02.25"]
[Round "7.1"]
[White "Große-Frintrop, Gerd"]
[Black "Leveikina, Jevgenija"]
[Result "1/2-1/2"]
[WhiteElo "1957"]
[BlackElo "2035"]
[PlyCount "81"]
[EventDate "2018.??.??"]

1. d4 Nf6 2. c4 g6 3. Nc3 Bg7 4. e4 d6 5. f3 O-O 6. Be3 c5 7. Nge2 Nc6 8. Qd2
Qa5 9. d5 Ne5 10. Nc1 a6 11. h3 e6 12. f4 Nxc4 13. Bxc4 b5 14. Bd3 b4 15. Nd1
exd5 16. exd5 c4 17. Bc2 Nxd5 18. Bd4 Bxd4 19. Qxd4 b3+ 20. Nc3 Nxc3 21. Qd2
Re8+ 22. Kf1 bxc2 23. bxc3 Bf5 24. Kf2 Qc5+ 25. Qd4 Qc7 26. Ne2 Rab8 27. Rac1
Bd3 28. Ng3 d5 29. Rhe1 Qd7 30. f5 Rxe1 31. Rxe1 Re8 32. Rc1 Bxf5 33. Nf1 Bd3
34. Ne3 Qe6 35. Nxd5 Qe2+ 36. Kg1 Qd1+ 37. Kh2 Qxc1 38. Nf6+ Kf8 39. Nxh7+ Ke7
40. Qe5+ Kd8 41. Qd6+ 1/2-1/2

[Event "SV Wattenscheid 3 - SF Buer 1"]
[Site "Verbandsklasse, Gruppe 1 2017"]
[Date "2018.02.25"]
[Round "7.2"]
[White "Wolf, Ulrich"]
[Black "Renk, Christoph"]
[Result "0-1"]
[WhiteElo "2035"]
[BlackElo "1975"]
[Annotator "Daniel"]
[PlyCount "180"]
[EventDate "2018.??.??"]

1. Nf3 d5 2. c4 c6 3. b3 Nf6 4. Bb2 Bf5 5. d3 e6 6. g3 Nbd7 7. Bg2 a5 8. a3 Qb6
9. Nbd2 Bc5 10. d4 Be7 11. O-O h6 12. Rc1 O-O 13. Ne5 Nxe5 14. dxe5 Ne4 15.
Nxe4 dxe4 16. Rc3 Rad8 17. Qc1 Bc5 18. e3 Rd7 19. Rd1 Rfd8 20. Rxd7 Rxd7 21.
Qb1 Rd2 22. h3 Qd8 23. Rc1 Rd3 24. Qc2 Qb6 25. Bc3 Bxa3 26. Rd1 Bc5 27. Kh2 Qd8
28. Ra1 b6 29. Bf1 Rd7 30. Bg2 Bb4 31. Bxb4 axb4 32. Ra2 Rd3 33. Qb1 Kh7 34.
Qc2 c5 35. Rb2 Qc7 36. Ra2 Qxe5 37. Bf1 Rc3 38. Qd1 Qf6 39. Ra8 e5 40. Be2 Be6
41. Kg2 b5 42. cxb5 $11 Bxb3 43. Qd8 Qxd8 44. Rxd8 Ba4 45. b6 Bc6 46. Bb5 Bb7
47. Rd1 b3 48. Rb1 c4 49. Bxc4 Rxc4 50. Rxb3 Rc1 51. Rb2 Kg6 52. Rb5 Kf6 53.
Rb2 Ke6 54. Rb4 Kd6 55. Rb5 f6 56. Rb2 Rc5 57. Rd2+ Kc6 58. Rd8 Kxb6 59. g4 Rc7
60. Rd2 Bc6 61. Kg3 Rd7 62. Rb2+ Kc7 63. Rc2 Kd6 64. Rd2+ Ke7 65. Rb2 Ra7 66.
Rb6 Bd7 67. Rb2 Ra1 68. Kg2 Rc1 69. Rb6 Ba4 70. Rb7+ Kf8 71. Kg3 Bd1 72. Kh4
Ba4 73. Kg3 g5 74. f3 exf3 75. Rb8+ Kg7 76. Kxf3 Bc6+ 77. Kf2 Rc2+ 78. Kg1 Rg2+
79. Kf1 Rh2 80. Rb6 Bf3 81. Rb3 Rxh3 82. Rb4 e4 83. Kf2 Rh2+ 84. Kg3 Rh1 85.
Rb2 Rg1+ 86. Kh3 Kg6 87. Rb8 Bxg4+ 88. Kh2 Re1 89. Rb3 f5 90. Kg3 Rxe3+ 0-1

[Event "SV Wattenscheid 3 - SF Buer 1"]
[Site "Verbandsklasse, Gruppe 1 2017"]
[Date "2018.02.25"]
[Round "7.3"]
[White "Wilbert, Siegfried"]
[Black "Thelen, Thomas"]
[Result "1/2-1/2"]
[WhiteElo "1984"]
[BlackElo "1990"]
[PlyCount "73"]
[EventDate "2018.??.??"]

1. d4 Nf6 2. c4 e6 3. Nf3 c5 4. d5 exd5 5. cxd5 d6 6. Nc3 g6 7. e4 Bg7 8. Qa4+
Nbd7 9. Be2 O-O 10. O-O a6 11. Bf4 b5 12. Qc2 Nb6 13. Rad1 b4 14. Nb1 Re8 15.
Nbd2 Nfxd5 16. Bxd6 Qxd6 17. Nc4 Qf4 18. Rxd5 Nxd5 19. exd5 Bf5 20. Qd1 Rad8
21. b3 Qe4 22. Ne3 Bd4 23. Nxd4 cxd4 24. Bf3 Qd3 25. Nxf5 Qxd1 26. Rxd1 gxf5
27. g3 Rc8 28. Rxd4 a5 29. d6 Re5 30. d7 Rd8 31. Bc6 Kg7 32. Kf1 Kf6 33. Ba4
Re4 34. Rd5 Re5 35. Rd4 Re4 36. Rd5 Re5 37. Rd4 1/2-1/2

[Event "SV Wattenscheid 3 - SF Buer 1"]
[Site "Verbandsklasse, Gruppe 1 2017"]
[Date "2018.02.25"]
[Round "7.4"]
[White "Sicars, Thorsten"]
[Black "Kreitling, Oliver"]
[Result "1/2-1/2"]
[WhiteElo "1919"]
[BlackElo "1805"]
[PlyCount "57"]
[EventDate "2018.??.??"]

1. Nf3 d5 2. c4 e6 3. b3 Nf6 4. g3 c5 5. Bb2 d4 6. e3 Nc6 7. exd4 cxd4 8. Bg2
Bc5 9. O-O O-O 10. d3 e5 11. Re1 Re8 12. Ba3 Qd6 13. Bxc5 Qxc5 14. a3 a5 15.
Nbd2 Bf5 16. Qc2 h6 17. Nh4 Bh7 18. Ne4 Nxe4 19. Bxe4 Bxe4 20. Rxe4 Re6 21. Qb2
Qf8 22. Nf3 f6 23. Rb1 Nd8 24. Ree1 Rea6 25. Ra1 Ne6 26. Qc2 Qe8 27. Rab1 Qc6
28. Qe2 Kf7 29. Nd2 1/2-1/2

[Event "SV Wattenscheid 3 - SF Buer 1"]
[Site "Verbandsklasse, Gruppe 1 2017"]
[Date "2018.02.25"]
[Round "7.5"]
[White "Seppelfricke, Guido"]
[Black "Zwielich, Frank"]
[Result "1/2-1/2"]
[WhiteElo "1828"]
[BlackElo "1949"]
[PlyCount "46"]
[EventDate "2018.??.??"]

1. e4 c5 2. Nf3 e6 3. d4 cxd4 4. Nxd4 a6 5. c4 Nf6 6. Nc3 Qc7 7. a3 b6 8. Be3
Bb7 9. f3 d6 10. Be2 Nbd7 11. O-O Be7 12. Qd2 Rc8 13. Rac1 O-O 14. Kh1 Qb8 15.
Rfd1 Bd8 16. Nc2 Bc7 17. Bf4 Ne5 18. b3 Rcd8 19. Bg5 Ned7 20. Bf4 Nc5 21. Rb1
d5 22. Bxc7 Qxc7 23. exd5 exd5 1/2-1/2

[Event "SV Wattenscheid 3 - SF Buer 1"]
[Site "Verbandsklasse, Gruppe 1 2017"]
[Date "2018.02.25"]
[Round "7.6"]
[White "Thon, Manfred"]
[Black "Olschewski, Niklas"]
[Result "1/2-1/2"]
[WhiteElo "1864"]
[BlackElo "1628"]
[PlyCount "51"]
[EventDate "2018.??.??"]

1. d4 Nf6 2. c4 d5 3. Nc3 e6 4. cxd5 exd5 5. Bg5 Be7 6. Qc2 O-O 7. e3 h6 8. Bf4
c6 9. Bd3 Bd6 10. Nge2 Re8 11. O-O Qe7 12. Bxd6 Qxd6 13. Ng3 Ng4 14. Nce2 h5
15. h3 h4 16. hxg4 hxg3 17. Nxg3 Bxg4 18. Bh7+ Kh8 19. Bf5 Bxf5 20. Qxf5 Qe6
21. Qg5 Nd7 22. Rfe1 Qf6 23. Qg4 Nf8 24. Rad1 Qg6 25. Qf5 Rad8 26. Qxg6 1/2-1/2